Population growth and land use

The reproductive capacity of the human race; survival and growth; the history of population growth; population and food; ....

Đã lưu trong:
Bibliografiske detaljer
Hovedforfatter: Clark, Colin
Format: Bog
Sprog:Undetermined
Udgivet: London Macmillan 1977
Fag:
Tags: Tilføj Tag
Ingen Tags, Vær først til at tagge denne postø!
Thư viện lưu trữ: Trung tâm Học liệu Trường Đại học Cần Thơ
LEADER 00572nam a2200181Ia 4500
001 CTU_218485
008 210402s9999 xx 000 0 und d
082 |a 301.32 
082 |b C592 
100 |a Clark, Colin 
245 0 |a Population growth and land use 
245 0 |c Colin Clark 
260 |a London 
260 |b Macmillan 
260 |c 1977 
520 |a The reproductive capacity of the human race; survival and growth; the history of population growth; population and food; .... 
650 |a Population 
980 |a Trung tâm Học liệu Trường Đại học Cần Thơ